000
00284nam a22001217a 4500
008
171123b xxu||||| |||| 00| 0 eng d
041
_a
eng
080
_a
62
100
_a
27
101
_a
INX
245
_a
ASHRAE GUIDE AND DATA BOOK APPLICATIONS
_c
HOUGH.C.G
942
_2
udc
_c
BK
999
_c
38353
_d
38353